000
00311nam a22001337a 4500
008
180302b xxu||||| |||| 00| 0 eng d
020
_a
9780761919551
041
_a
eng
080
_a
37
100
_a
25
101
_a
edu
245
_a
handbook of children and the media
_c
singer.d.g
942
_2
udc
_c
BK
999
_c
43947
_d
43947